Significado de siglas de marcas famosas - Statistics

Estatísticas Gerais
  • Esse quiz foi jogado 61 vezes
  • A pontuação média é 4 de 14
Estatísticas das Respostas
Questão Resposta % Correto
AMD Advanced Micro Devices
67%
IBM International Business Machines
67%
HP Hewlett-Packard
52%
ZTE Zhongxing New Telecommunications Equipment
44%
CCE Comércio de Componentes Eletrônicos
40%
VAIO Visual Audio Intelligent Organizer
38%
TSMC Taiwan Semiconductor Manufacturing Company
29%
INTEL Integrated Electronics
27%
JVC Japan Victor Company
19%
JBL James Bullough Lansing
12%
LG Lucky Goldstar
10%
TCL Telephone Communication Limited
10%
AOC Admiral Overseas Corporation
8%
PNY Paris, New York
8%
Nenhum quiz correspondente encontrado
Distribuição das Pontuações
Porcentagem de Pessoas com Cada Pontuação
Percentil de Números Respondidos
Sua Pontuação Histórica
Você não jogou esse quiz